LEADER 01313nam a2200241 i 4500 001 000000033156 003 CaOOAMICUS 005 20220428163524.0 008 180830s1961 it u000 u ita u 040 $aSeMil$bita 100 1 $aTolstoj, Lev Nikolāevi?,$d<1828-1910>.$0(OLS)http://semarc/name/3624 245 10$aTutte le opere narrative e di teatro di Lev N. Tolstoj /$ccon introduzioni e note a cura di Eridano Bazzarelli. 300 $a5 v. ;$c21 cm 490 1 $aI grandi scrittori di ogni paese. Serie russa 650 4$aTolstoj, Lev Nikolāevi? <1828-1910> - Opere.$0(OLS)http://semarc/subject/52196 700 1 $aBazzarelli, Eridano,$d<1921-2013>.$0(OLS)http://semarc/name/8821 774 0 $aTolstoj, Lev Nikolāevi? <1828-1910>$tRacconti e novelle.$b2. edizione.$w()249201 774 0 $aTolstoj, Lev Nikolāevi? <1828-1910>$tGuerra e pace.$b9. edizione.$w()249202 774 0 $aTolstoj, Lev Nikolāevi? <1828-1910>$tAnna Karenina.$b3. edizione.$w()249203 774 0 $aTolstoj, Lev Nikolāevi? <1828-1910>$tTeatro ; Scritti autobiografici.$b2. edizione.$w()249204 830 2$aI grandi scrittori di ogni paese. Serie russa.$0(OLS)http://semarc/title/20836 996 $6245$aTutte le opere narrative e di teatro di Lev N. Tolstoj$9(OLS)http://semarc/title/44881 LEADER 00900nam a2200205 i 4500 001 000000104228 003 CaOOAMICUS 005 20011107000000.0 008 011107s1890 it u000 u ita u 013 $a76415 040 $aSeMil$bita 245 10$aStoria dei papi nell'epoca del rinascimento fino all'elezione di Pio 2. 300 $aXXIV, 716 p. :$b[2] p. di tav. 500 $aIn Appendice : Documenti inediti e comunicazioni di archivî. 650 4$aPapato - Storia - Sec. 14.-15.$0(OLS)http://semarc/subject/17544 700 1 $aPastor, Ludwig : von <1854-1928>.$0(OLS)http://semarc/name/610 773 0 $aPastor, Ludwig : von <1854-1928>$tStoria dei papi.$g1$w()1028 850 $aSeMil 852 $aSeMil$W1$xVenegono$y1$mSL1.F IV 1$j60628$B60628$CSeMilBibl$Z2$F45038 $8I 996 $6245$aStoria dei papi nell'epoca del rinascimento fino all'elezione di Pio 2$9(OLS)http://semarc/title/151152